000 01148pam a2200361 a 4500
001 51022
005 20230410124105.0
008 031216s2004 nyuab b 001 0 eng
010 _a 2003070201
035 _a(OCoLC)ocm53951783
040 _aDLC
_cDLC
_dBAKER
_dUBA
_dBTCTA
_dYDXCP
_dDRFGD
020 _a0393924483 (pbk.)
020 _a9780393924480 (pbk.)
029 1 _aNLGGC
_b259088447
035 _a(OCoLC)53951783
082 0 0 _a327
_222
049 _aGRAL
050 1 4 _aM663e 2004
100 1 _aMingst, Karen A.,
_d1947-
245 1 0 _aEssentials of international relations /
_cKaren A. Mingst.
250 _a3rd ed.
260 _aNew York :
_bNorton,
_cc2004.
300 _axxiv, 352 p. :
_bcol. ill., col. maps ;
_c24 cm.
504 _aIncludes bibliographical references and index.
650 0 _aInternational relations.
650 7 _aRelacoes internacionais.
_2larpcal
938 _aBaker & Taylor
_bBKTY
_c53.25
_d53.25
_i0393924483
_n0004394120
_sactive
938 _aYBP Library Services
_bYANK
_n2121367
938 _aBaker and Taylor
_bBTCP
_nBK0007333076
942 _2lcc
_cbk
946 _almminaya
994 _aC0
_bDRFGD
999 _c70796
_d70796